=LDR 00000nam 2200000 4500 =001 NUTBA000000000001850 =005 20140521143508.0 =006 =007 =008 =020 ##$$a 979-462-867-0 =035 ##$$a 0010-051400000000315 =082 ##$$a 410.7 =100 ##$$a irman, mokhamad =245 ##$$a bahasa indonesia 1 =260 ##$$a jakarta,2008 $b pusat perbukuan dep.pendidikan nasional $c 2008 =300 ##$$a xii.2558 hlm $b ilus $c 25 cm =440 ##$$a untuk SMK/MAK semua program keahlian kelas x =850 ##$$a NBpnmat =990 ##$$a 21400613/BPAP-NTB/20142014 =990 ##$$a 21400613/BPAP-NTB/20142014